• 首页
  • 本馆介绍
  • 公告通知
  • 最新文献
  • 馆藏检索
  • 电子资源
  • 读者导购
  • 参考咨询
  • 我的图书馆
  • 登录
  • 详细信息显示
  • 放入我的书架
  • 预约/预借图书
  • 作者相关作品
  • 分类相关作品
  • 丛书相关作品
  • 出版社相关作品

书目信息

  • 表格格式
  • 工作单格式
  • 卡片格式
题名:
跨文化视角下的英美文学发展研究
    
 
作者: 白文霞 , 张小燕 著
分册:  
出版信息: 北京   中国纺织出版社  2017
页数: 269页
开本: 24cm
丛书名:
单 册:
中图分类: I561.06 , I712.06
科图分类:
主题词: 英国文学--文学研究 , 文学研究--美国
电子资源:
ISBN: 978-7-5180-3162-7
000 00955nam0 2200265 450
001 012001001158
005 20140920091302.0
010    @a978-7-5180-3162-7@dCNY62.00
100    @a20170802d2017 em y0chiy50 ea
101 0  @achi
102    @aCN@b110000
105    @ay z 000yy
106    @ar
200 1  @a跨文化视角下的英美文学发展研究@9Kua Wen Hua Shi Jiao Xia De Ying Mei Wen Xue Fa Zhan Yan Jiu@f白文霞,张小燕著
210    @a北京@c中国纺织出版社@d2017
215    @a269页@d24cm
330    @a本书在分析文化差异对英美文学的发展的影响及跨文化视角下英美文学的艺术特色的基础上,以时间为线索,分别从不同文体的发展角度研究了跨文化视角下的英国文学发展与跨文化视角下的美国文学发展。
606 0  @a英国文学@x文学研究
606 0  @a文学研究@y美国
690    @aI561.06@v5
690    @aI712.06@v5
701  0 @a白文霞@9Bai Wen Xia@4著
701  0 @a张小燕@9Zhang Xiao Yan@4著
801  0 @aCN@b上海新华@c20180901
905    @b1151587-91@dI561.06@e931@f5
    
    跨文化视角下的英美文学发展研究/白文霞,张小燕著.-北京:中国纺织出版社,2017
    269页;24cm
    
    
    ISBN 978-7-5180-3162-7:CNY62.00
    本书在分析文化差异对英美文学的发展的影响及跨文化视角下英美文学的艺术特色的基础上,以时间为线索,分别从不同文体的发展角度研究了跨文化视角下的英国文学发展与跨文化视角下的美国文学发展。
●
相关链接 在E读中查询图书 在五车中查询图书 在当当中查询图书 在豆瓣中查询图书


正题名:跨文化视角下的英美文学发展研究     索取号:I561.06/931         预约/预借

序号 登录号 条形码 馆藏地/架位号 状态 备注
1 1151587   211515877   第一样本阅览室/ [索取号:I561.06/931] 在馆    
2 1151588   211515886   密集书库-文学院/ [索取号:I561.06/931] 在馆    
3 1151589   211515895   第二借阅区/ [索取号:I561.06/931] 在馆    
4 1151590   211515902   第二借阅区/ [索取号:I561.06/931] 在馆    
5 1151591   211515911   第二借阅区/ [索取号:I561.06/931] 在馆    
唐山师范学院图书馆 欢迎您!
大连网信软件有限公司© 版权所有